000 00226 a2200085 4500
020 _a978-93-84204-204
100 _aCouncil of Architecture
245 _aArchiving architectural thesis 2022
260 _bCouncil of Architecture
_c2022
999 _c12655
_d12655